| 000 | 00610cab a2200229 4500 | ||
|---|---|---|---|
| 001 | WB3024-51 | ||
| 008 | 090401t1994 xxu||||| |||| 00| 0 eng d | ||
| 035 | _a(Sirsi) u76081 | ||
| 041 | _aeng | ||
| 245 | _aSpain : banking, finance and investment | ||
| 260 | _c1994 | ||
| 350 | _a0 | ||
| 490 |
_aFinancial Times _v20 June 1994 (4) |
||
| 520 | _aSupplement on the financial climate in Spain. | ||
| 650 | _aBANKS | ||
| 650 | _aCAPITAL INVESTMENT | ||
| 650 | _aMERCHANT BANKS | ||
| 690 | _aPROPERTY-PROPERTY FINANCE AND INVESTMENT | ||
| 690 | _aOVERSEAS-EUROPE | ||
| 942 | _n0 | ||
| 948 | _c04/03/1997 | ||
| 999 |
_c47870 _d47870 |
||